Countdown to the Apocalypse : (Record no. 6452)
[ view plain ]
| 000 -LEADER | |
|---|---|
| fixed length control field | 00771cam a2200217 a 4500 |
| 001 - CONTROL NUMBER | |
| control field | 15310388 |
| 005 - DATE AND TIME OF LATEST TRANSACTION | |
| control field | 20250613120949.0 |
| 008 - FIXED-LENGTH DATA ELEMENTS--GENERAL INFORMATION | |
| fixed length control field | 080530s2008 couab b 000 0 eng |
| 020 ## - INTERNATIONAL STANDARD BOOK NUMBER | |
| International Standard Book Number | 9781400074419 |
| 050 00 - LIBRARY OF CONGRESS CALL NUMBER | |
| Classification number | BS649.E63 |
| Item number | J45 2008 |
| 082 00 - DEWEY DECIMAL CLASSIFICATION NUMBER | |
| Classification number | 236/.9 |
| Edition information | 22 |
| 100 1# - MAIN ENTRY--PERSONAL NAME | |
| Personal name | Jeffrey, Grant R. |
| 245 10 - TITLE STATEMENT | |
| Title | Countdown to the Apocalypse : |
| Remainder of title | learn to read the signs, the last days have begun / |
| Statement of responsibility, etc. | Grant R. Jeffrey. |
| 250 ## - EDITION STATEMENT | |
| Edition statement | 1st ed. |
| 260 ## - PUBLICATION, DISTRIBUTION, ETC. | |
| Place of publication, distribution, etc. | Colorado Springs, Colo. : |
| Name of publisher, distributor, etc. | WaterBrook Press, |
| Date of publication, distribution, etc. | 2008. |
| 300 ## - PHYSICAL DESCRIPTION | |
| Extent | viii, 226 p. : |
| Other physical details | ill., maps ; |
| Dimensions | 23 cm. |
| 650 #0 - SUBJECT ADDED ENTRY--TOPICAL TERM | |
| Topical term or geographic name entry element | End of the world |
| General subdivision | Biblical teaching. |
| 650 #0 - SUBJECT ADDED ENTRY--TOPICAL TERM | |
| Topical term or geographic name entry element | Second Advent |
| General subdivision | Biblical teaching. |
| 856 41 - ELECTRONIC LOCATION AND ACCESS | |
| Materials specified | Table of contents only |
| Uniform Resource Identifier | <a href="http://www.loc.gov/catdir/toc/ecip0820/2008024105.html">http://www.loc.gov/catdir/toc/ecip0820/2008024105.html</a> |
| 942 ## - ADDED ENTRY ELEMENTS (KOHA) | |
| Source of classification or shelving scheme | Library of Congress Classification |
| Koha item type | Books |
| Suppress in OPAC | No |
| 999 ## - | |
| -- | 6452 |
| -- | 6452 |
| Withdrawn status | Lost status | Source of classification or shelving scheme | Damaged status | Not for loan | Collection | Home library | Current library | Shelving location | Date acquired | Total checkouts | Full call number | Barcode | Date last seen | Copy number | Price effective from | Koha item type |
|---|---|---|---|---|---|---|---|---|---|---|---|---|---|---|---|---|
| Library of Congress Classification | Non-fiction | Business Library (Miotso) | Business Library (Miotso) | General stacks | 03/04/2026 | BS649.E63J45 JEF | BSSM00002374 | 03/04/2026 | 1 | 03/04/2026 | Books | |||||
| Library of Congress Classification | Non-fiction | Undergraduate Library (Christ Temple) | Undergraduate Library (Christ Temple) | General stacks | 06/13/2025 | BS649.E63J45 JEF | ulct00003253 | 06/13/2025 | 1 | 06/03/2025 | Books | |||||
| Library of Congress Classification | Non-fiction | Undergraduate Library (Christ Temple) | Undergraduate Library (Christ Temple) | General stacks | 06/13/2025 | BS649.E63J45 JEF | ulct00003254 | 06/13/2025 | 2 | 06/03/2025 | Books | |||||
| Library of Congress Classification | Non-fiction | Undergraduate Library (Christ Temple) | Undergraduate Library (Christ Temple) | General stacks | 06/13/2025 | BS649.E63J45 JEF | ulct00003255 | 06/13/2025 | 3 | 06/03/2025 | Books |